000 00426nam a2200181Ia 4500
001 12772
005 20260306163005.0
008 260306t2000||||xx |||||||||||||| ||spa||
041 _aESP
082 _aRD 241.03
_bV61
100 _aVidal, Marciano
_eAUT
245 0 _aDiccionario de ética teológica
260 _c2000
300 _a649 páginas :
_ccm.
650 _aGEN
654 _aCHU
942 _cDIC
_dJUS
_fJUS
_2ddc
_n
999 _c12772
_d12772